| 000 -LEADER |
| fixed length control field |
00793nam a2200253 a 4500 |
| 001 - CONTROL NUMBER |
| control field |
14621 |
| 003 - CONTROL NUMBER IDENTIFIER |
| control field |
BD-DhUAP |
| 005 - DATE AND TIME OF LATEST TRANSACTION |
| control field |
20201105145856.0 |
| 008 - FIXED-LENGTH DATA ELEMENTS--GENERAL INFORMATION |
| fixed length control field |
200119r20102007ii a b 001 0 eng |
| 020 ## - INTERNATIONAL STANDARD BOOK NUMBER |
| International Standard Book Number |
9788126508150 |
| 040 ## - CATALOGING SOURCE |
| Original cataloging agency |
DLC |
| Transcribing agency |
DLC |
| Modifying agency |
BD-DhUAP |
| Language of cataloging |
Eng |
| 082 00 - DEWEY DECIMAL CLASSIFICATION NUMBER |
| Edition number |
23 |
| Classification number |
519.5024 DAN |
| 100 ## - MAIN ENTRY--PERSONAL NAME |
| Personal name |
Daniel, Wayne W. |
| 245 ## - TITLE STATEMENT |
| Title |
Biostatistics : |
| Remainder of title |
a foundation for analysis in the health sciences / |
| Statement of responsibility, etc. |
Wayne W. Daniel. |
| 250 ## - EDITION STATEMENT |
| Edition statement |
7th ed. |
| 260 ## - PUBLICATION, DISTRIBUTION, ETC. |
| Place of publication, distribution, etc. |
New Delhi : |
| Name of publisher, distributor, etc. |
Wiley, |
| Date of publication, distribution, etc. |
c2005 [ Reprinted 2009]. |
| 300 ## - PHYSICAL DESCRIPTION |
| Extent |
viii, 755 pages : |
| Other physical details |
illustrations ; |
| Dimensions |
24 cm. |
| 504 ## - BIBLIOGRAPHY, ETC. NOTE |
| Bibliography, etc. note |
Includes bibliographical references and index. |
| 650 ## - SUBJECT ADDED ENTRY--TOPICAL TERM |
| Topical term or geographic name entry element |
Biometry |
| 650 ## - SUBJECT ADDED ENTRY--TOPICAL TERM |
| Topical term or geographic name entry element |
Biomathematics |
| 650 ## - SUBJECT ADDED ENTRY--TOPICAL TERM |
| Topical term or geographic name entry element |
Medical statistics. |
| 942 00 - ADDED ENTRY ELEMENTS (KOHA) |
| Koha issues (borrowed), all copies |
1 |
| Source of classification or shelving scheme |
|
| Koha item type |
Book |